000 00701nam a2200217 i 4500
001 135262
003 ES-MaACL
005 20230906194837.0
007 t|
008 070713s1968 sp ||||1| spa d
080 _a362.3
080 _a371.92
100 1 _aTodd, F. Joan.
_9110400
245 1 0 _aTrabajo social con deficientes mentales /
_cJoan F. Todd ; [traducción por Andrés Delgado Amor].
260 _a[Madrid :
_bEuroamérica,
_c1968]
300 _a167 p. ;
_c18 cm.
650 1 4 _aDisminuidos mentales-
_xProtección, asistencia, etc.
_911949
650 1 4 _aDisminuidos mentales-
_xEducación.
_911947
700 1 _aDelgado Amor, Andrés.
_943438
852 _aES-MaACL
_jC-36208
_bR.68540
999 _c135262
_d135262